000 00313nam a22001337a 4500
008 170220b xxu||||| |||| 00| 0 eng d
020 _a9780397547036
041 _aeng
080 _23RD
_a615
100 _a5
101 _aSHF
245 _aCLINICAL PHARMACOLOGY AND NURSING MANAGEMENT
_cSPENCER
942 _2udc
_cBK
999 _c5798
_d5798